| 000 | 00936nam a22002897a 4500 | ||
|---|---|---|---|
| 001 | BR2017003252 | ||
| 003 | BR-BrBNA | ||
| 005 | 20230928105211.0 | ||
| 007 | ta | ||
| 008 | 230509b bl.||||| |||| 00| 0 por d | ||
| 040 |
_aBR-BrBNA _bpor _cBiblioteca Nacional de Agricultura |
||
| 041 | _a(Por) | ||
| 072 |
_aL73 _b5212 _b4110 |
||
| 090 | _ 5212 BR2017003252 | ||
| 100 | 1 | _aNéspoli, J.M.B. | |
| 110 | 1 |
_aUniversidade de São Paulo, SP (Brasil). Faculdade de Medicina Veterinária e Zootecnia _0Tese (Mestre em Medicina Veterinária) _910560 |
|
| 245 | 1 | _aSituação epidemilógica da tuberculose bovina no estado de Mato Grosso | |
| 260 | 3 |
_aSão Paulo, SP (Brasil): _c2012. |
|
| 300 | _a44 p. | ||
| 500 | _aSummaries (Eng, Por); Bibliography p. 35-43; 5 tables | ||
| 650 | _aBOVINO | ||
| 650 | _aTUBERCULOSE | ||
| 650 | _aEPIDEMIOLOGIA | ||
| 650 | _aMATO GROSSO | ||
| 909 |
_a202309 _bLucia _c55 _dLucia Elande |
||
| 942 | _cBK | ||
| 999 |
_c83990 _d83990 |
||